Red rat linux (Record no. 15129)

MARC details
000 -LEADER
fixed length control field 00636nam a2200217Ia 4500
003 - CONTROL NUMBER IDENTIFIER
control field IN-BaIIA
008 - FIXED-LENGTH DATA ELEMENTS--GENERAL INFORMATION
fixed length control field 211028s9999 xx 000 0 eng d
020 ## - INTERNATIONAL STANDARD BOOK NUMBER
International Standard Book Number 0-07-041187
040 ## - CATALOGING SOURCE
Transcribing agency IIA Library
080 ## - UNIVERSAL DECIMAL CLASSIFICATION NUMBER
Universal Decimal Classification number 681.31
Item number PET
100 ## - MAIN ENTRY--PERSONAL NAME
Personal name Petersen, R.
9 (RLIN) 27649
245 #0 - TITLE STATEMENT
Title Red rat linux
Remainder of title The complete reference
Statement of responsibility, etc. R. Petersen
260 ## - PUBLICATION, DISTRIBUTION, ETC.
Place of publication, distribution, etc. New Delhi
Name of publisher, distributor, etc. Tata McGraw-Hill
Date of publication, distribution, etc. 2000
300 ## - PHYSICAL DESCRIPTION
Extent xxx,926p.
650 ## - SUBJECT ADDED ENTRY--TOPICAL TERM
Topical term or geographic name entry element Gnome
9 (RLIN) 27650
650 ## - SUBJECT ADDED ENTRY--TOPICAL TERM
Topical term or geographic name entry element KDE Desktop
9 (RLIN) 27651
650 ## - SUBJECT ADDED ENTRY--TOPICAL TERM
Topical term or geographic name entry element Linux Software
9 (RLIN) 27652
650 ## - SUBJECT ADDED ENTRY--TOPICAL TERM
Topical term or geographic name entry element Linux Systems
9 (RLIN) 27653
650 ## - SUBJECT ADDED ENTRY--TOPICAL TERM
Topical term or geographic name entry element Xconfigurator
9 (RLIN) 27654
942 ## - ADDED ENTRY ELEMENTS (KOHA)
Koha item type Books
Holdings
Withdrawn status Lost status Damaged status Not for loan Home library Current library Shelving location Date acquired Source of acquisition Cost, normal purchase price Total Checkouts Full call number Barcode Date last seen Cost, replacement price Price effective from Koha item type Purchase Price
        IIA Library-Bangalore IIA Library-Hosakote General Stacks 19/06/2003 NAGA 495.00   681.31/ PET 16051 05/11/2021 495.00 19/06/2003 Books Rs. 495.00

Powered by Koha